[Event "Tver region-ch (Women)"]
[Site "Kimry"]
[Date "2003.??.??"]
[Round "2"]
[White "Barkovskaya, Irina"]
[Black "Nikitina, Aleksandra"]
[Result "1-0"]
[WhiteElo "2156"]
[BlackElo "1932"]
[PlyCount "49"]
[EventDate "2003.??.??"]
[EventType "swiss"]
[EventRounds "9"]
[EventCountry "RUS"]
[SourceTitle "EXT 2005"]
[Source "ChessBase"]
[SourceDate "2004.11.15"]
[SourceVersion "1"]
[SourceVersionDate "2004.11.15"]
[SourceQuality "1"]

1. d4 Nf6 2. c4 e6 3. Nc3 Bb4 4. a3 Bxc3+ 5. bxc3 c5 6. e3 b6 7. Bd3 Ba6 8. e4 d5 9. cxd5 Bxd3 10. Qxd3 exd5 11. e5 Ne4 12. Ne2 c4 13. Qc2 0-0 14. 0-0 Na6 15. f3 Ng5 16. Ng3 Ne6 17. f4 g6 18. f5 Ng7 19. Bh6 Qh4 20. Qd2 Rfe8 21. Bg5 Qg4 22. Bh6 Nxf5 23. Rf4 Nxh6 24. Rxg4 Nxg4 25. Qg5 1-0

[Event "Tver region-ch (Women)"]
[Site "Kimry"]
[Date "2003.??.??"]
[Round "9"]
[White "Barkovskaya, Irina"]
[Black "Tjurina, Julia"]
[Result "1-0"]
[WhiteElo "2156"]
[BlackElo "1891"]
[PlyCount "39"]
[EventDate "2003.??.??"]
[EventType "swiss"]
[EventRounds "9"]
[EventCountry "RUS"]
[SourceTitle "EXT 2005"]
[Source "ChessBase"]
[SourceDate "2004.11.15"]
[SourceVersion "1"]
[SourceVersionDate "2004.11.15"]
[SourceQuality "1"]

1. d4 d5 2. c4 e6 3. Nc3 Nf6 4. Bg5 Bb4 5. a3 Bxc3+ 6. bxc3 0-0 7. Nf3 Nc6 8. e3 Re8 9. Bd3 Bd7 10. 0-0 Qe7 11. Re1 Na5 12. cxd5 exd5 13. Ne5 b6 14. Bxf6 gxf6 15. Qh5 Qe6 16. Bxh7+ Kf8 17. Nxd7+ Qxd7 18. e4 c6 19. exd5 cxd5 20. Qh6# 1-0

[Event "Russia op (Women)"]
[Site "Russia"]
[Date "2003.??.??"]
[Round "2"]
[White "Barkovskaya, Irina"]
[Black "Trofimovskaya, Irina"]
[Result "1-0"]
[WhiteElo "2155"]
[BlackElo "2160"]
[PlyCount "99"]
[EventDate "2003.??.??"]
[EventType "swiss"]
[EventRounds "7"]
[EventCountry "RUS"]
[SourceTitle "EXT 2009"]
[Source "ChessBase"]
[SourceDate "2008.11.26"]
[SourceVersion "1"]
[SourceVersionDate "2008.11.26"]
[SourceQuality "1"]

1. d4 Nf6 2. c4 c5 3. d5 e5 4. Nc3 d6 5. e4 Be7 6. Bd3 0-0 7. Nge2 Ne8 8. 0-0 g6 9. f4 exf4 10. Bxf4 Bg5 11. Bg3 Nd7 12. Qc2 Qe7 13. Rae1 Ne5 14. Nd1 Nf6 15. Nec3 Bd7 16. b3 Nh5 17. Bf2 Nf4 18. Be2 h5 19. Bg3 Nxe2+ 20. Nxe2 h4 21. Bf4 h3 22. g3 Bg4 23. Qc3 Rae8 24. Qe3 Bf6 25. Bh6 Bg7 26. Bxg7 Kxg7 27. Rf4 Bh5 28. Nec3 Ng4 29. Qd2 Ne5 30. Qe3 Qg5 31. Nf2 f6 32. Nb5 Rd8 33. Nc7 Rde8 34. Nxe8+ Rxe8 35. Nxh3 Qh6 36. Kg2 g5 37. Rff1 Rh8 38. Ng1 Bg4 39. h4 Qh5 40. Qf2 Rh6 41. Re3 Bd7 42. Qe2 Bg4 43. Qf2 Rg6 44. Kh1 gxh4 45. gxh4 Bd7 46. Qf4 f5 47. Rg3 Ng4 48. exf5 Qxh4+ 49. Rh3 Nf2+ 50. Qxf2 1-0

[Event "Russia op (Women)"]
[Site "Russia"]
[Date "2003.??.??"]
[Round "7"]
[White "Nikitina, Aleksandra"]
[Black "Barkovskaya, Irina"]
[Result "0-1"]
[WhiteElo "1930"]
[BlackElo "2155"]
[PlyCount "30"]
[EventDate "2003.??.??"]
[EventType "swiss"]
[EventRounds "7"]
[EventCountry "RUS"]
[SourceTitle "EXT 2009"]
[Source "ChessBase"]
[SourceDate "2008.11.26"]
[SourceVersion "1"]
[SourceVersionDate "2008.11.26"]
[SourceQuality "1"]

1. e4 c6 2. d4 d5 3. e5 Bf5 4. Bd3 Bxd3 5. Qxd3 e6 6. Nf3 Ne7 7. Bg5 Qb6 8. b3 c5 9. c3 Nf5 10. Be3 Nc6 11. 0-0 Be7 12. Nbd2 0-0 13. Rac1 Rac8 14. Rc2 cxd4 15. cxd4 Nb4 0-1